| 000 | 01586nam a22002777a 4500 | ||
|---|---|---|---|
| 005 | 20150625110622.0 | ||
| 008 | 150625b2005 ck ||||| |||| 00| 0 spa d | ||
| 020 | _a9588101204 | ||
| 040 |
_aCO-BoIAVH _cCO-BoIAVH |
||
| 041 | 0 | _aspa | |
| 044 | _ack | ||
| 082 | 4 |
_a327.101 _bA67c |
|
| 100 | 1 |
_aArdila, Martha _eEditora _934804 |
|
| 245 | 1 |
_aColombia y su política exterior en el siglo XXI/ _cMartha Ardila, Editora... [et. al.] |
|
| 250 | _a1a. Edición | ||
| 260 | 3 |
_aBogotá: _bGente Nueva, _c2005. |
|
| 300 |
_a412 p. _c22 cm. |
||
| 504 | _aIncluye bibliografías. | ||
| 505 | _aPresentación. Colombia y su mundo externo: Dinámicas y Tendencias. El conflicto colombiano: Una perspectiva global. Colombia: seguridad y política exterior. Los nuevos flujos poblacionales y la política exterior colombiana. Integración y tratados de libre comercio. La política exterior ambiental de Colombia en el ambito global. Hacedores de paz y defensores de derechos humanos. Conflictos institucionales y culturales en la formulación y evaluación de las políticas contra las drogas. Encrucijadas de la cooperación internacional en Colombia. Los instrumentos de inserción internacional y la política exterior: Hacia una diplomacia integral. | ||
| 650 | 4 |
_aPolítica exterior _zColombia _934805 |
|
| 650 | 4 |
_aPolítica ambiental _xRelaciones internacionales _zColombia _934806 |
|
| 650 | 4 |
_aPolíticas sociales _xRelaciones internacionales _zColombia _934807 |
|
| 700 | 1 |
_aCardona, Diego. _eEditor _934808 |
|
| 700 | 1 |
_aRamirez, Socorro _eEditora _934809 |
|
| 942 |
_2ddc _cLIBRO |
||
| 999 |
_c17478 _d17478 |
||